Cuaderno de caligrafía 18

Gespeichert in:
Bibliographische Detailangaben
1. Verfasser: Aragón, Benjamín
Format: Buch
Sprache:Spanisch
Erschienen: Madrid : Anaya, D.L. 2003
Katalog:MANES:  Suchergebnis im Bibliothekskatalog
Schulbuchspezifische Eigenschaften:
Schlagworte:
Tags: Tag hinzufügen
Keine Tags, Fügen Sie den ersten Tag hinzu!
Hinzugefügt zu:29.11.1999
Geändert in:07.05.2025

MARC

LEADER 00000cam a2200000 i 4500
005 20250507134554.0
008 000000s2003 espa f 000 0 spa d
020 |a 8420794414 
040 |a uned  |b spa  |c entro-manes 
100 1 |a Aragón, Benjamín  |9 33863 
245 1 0 |a Cuaderno de caligrafía 18 /   |c [texto Benjamín Aragón] 
260 |a Madrid :   |b Anaya,   |c D.L. 2003 
300 |a 15 p. :   |b il. 
546 |a España 
561 |5 es-BUNED  |3 L.T.M. 0770  |a España. Fondo Manes UNED  |k MANES 
690 0 |a EyL 
650 7 |a Material didáctico 
942 |2 ddc  |c BK 
999 |c 97604  |d 97604 
999 |c manes:97604  |d 97604